000 00678nam a2200253Ia 4500
005 20260121155054.0
008 008 260114s9999 xx 000 0 eng d
020 _a9781003155409
037 _aEBOOK
040 _aCRL
040 _beng
040 _cCRL
041 _2eng
041 _aeng
084 _qCRL
100 _a Mirjana Radovi? ? Markovi?; Borislav ?ukanovi?; Du?an Markovi?; Arsen Dragojevi?
_91015021
245 0 _aEntrepreneurship and Work in the Gig Economy
260 _bTaylor and Francis
260 _c2021
856 _uhttp://www.taylorfrancis.com/books/9781003155409
942 _cEBOOK
999 _c1581840
_d1581840